Statistiques concernant Créatures fantastiques par définition #1

Cliquez ici pour prendre le quiz!

Statistiques générales

  • Ce quiz a été pris 60 fois
  • Le résultat moyen est 8 sur 15

Statistiques - réponses

Indice Créature % Correct
Possède une longue corne au milieu du front, droite, spiralée et pointue, qui constitue sa principale caractéristique.Licorne / Unicorne
95%
Personnage de contes et traditions populaires, sorte de géant se nourrissant de chair fraîche et dévorant les petits enfants.Ogre
89%
Mort-vivant qui se nourrit du sang des vivants afin d’en tirer sa force vitale.Vampire
84%
Monstre fabuleux au corps d'un homme et à tête d'un taureau, ou mi-homme et mi-taureau.Minotaure
82%
Créature céleste intermédiaire entre Dieu et les hommes.Ange
80%
Créature géante ressemblant à un singe qui vivrait principalement au Canada et aux Etats-Unis, principalement dans les montagnes et les zones très boisées.Sasquatch / Bigfoot
66%
Être légendaire, généralement féminin, d'une grande beauté, capable de conférer des dons aux nouveau-nés, de voler dans les airs, de lancer des sorts et d'influencer le futur.Fée
66%
Amphibien du bestiaire médiéval qui était réputé pour vivre dans le feu et s'y baigner, et ne mourir que lorsque celui-ci s'éteignait.Salamandre / Baffie / Lebraude
46%
Bête légendaire, souvent présenté comme étant un reptile au venin et au regard mortels.Basilic
39%
Créature légendaire de petite taille, aux grandes oreilles pointues et vivant dans des grottes, issue du folklore médiéval européen.Gobelin
29%
Dans la Bible, un monstre marin à plusieurs têtes, à la fois dragon, serpent et crocodile, considéré comme l'évocation d'un cataclysme terrifiant capable de modifier la planète.Léviathan
23%
Dans la littérature et les jeux fantastiques, un sorcier mort qui se maintient dans un état de mort-vivance grâce à ses pouvoirs magiques.Liche
21%
Créature surnaturelle, issue de croyances de tradition sémitique. Ils sont en général invisibles, peuvent prendre différentes formes et sont capables d'influencer spirituellement et mentalement le genre humain.Djinn
21%
Figure féminine surnaturelle la plus fréquente du conte russe, décrite comme divinité chasseresse jusqu'à simple sorcière.Baba Yaga
20%
Créature légendaire d'origine persane, ayant corps de lion, visage d'homme, et queue de scorpion.Manticore
16%

Distribution des résultats

Percentile by Number Answered

% des personnes avec chaque résultat

Votre développement - résultats

Vous n’avez pas pris ce quiz